Distributed systems : principles and paradigms /

Bibliographic Details
Main Author: Tanenbaum, Andrew S.
Other Authors: Steen, Maarten van
Format: Book
Language:English
Published: India : Pearson India Education, 2025 [Thirteen impression, 2015 reprint].
Edition:Second edition.
Subjects:
Classic Catalogue: View this record in Classic Catalogue
LEADER 02444nam a22003497a 4500
001 45006
003 BD-DhAAL
005 20251112094940.0
008 251110r20252013ii a|||| b||| 001 0 eng d
020 |a 9789332549807 
040 |a BD-DhAAL  |c BD-DhAAL 
082 |a 004.36  |2 23 
100 |a Tanenbaum, Andrew S.  |9 59786 
245 |a Distributed systems :  |b principles and paradigms /  |c Andrew S. Tanenbaum, Maarten van Steen. 
250 |a Second edition. 
260 |a India :  |b Pearson India Education,  |c 2025 [Thirteen impression, 2015 reprint]. 
300 |a 634 pages :  |b illustrations ;  |c 24 cm 
504 |a Includes bibliographical references and index. 
526 |a CSE  |x Annajiat Alim Rasel Senior Lecturer Department of Computer Science and Engineering BRAC University Course Name and No: Distributed Computing Systems'(CSE 707)'. 
541 |a Book finder International  |e 45006, 45007, 45008 
650 |a Electronic data processing  |x Distributed processing. 
650 |a Operating systems (Computers). 
650 |a Distributed operating systems (Computers).  |9 59283 
650 |a Computer network architectures. 
650 |a Computer science. 
700 |a Steen, Maarten van.  |9 59282 
852 |a Ayesha Abed Library  |c General Stacks 
942 |2 ddc  |c BK 
999 |c 47619  |d 47619 
952 |0 0  |1 0  |2 ddc  |4 0  |6 004_360000000000000_TAN  |7 0  |9 78422  |a BRACUL  |b BRACUL  |c GEN  |d 2025-11-04  |e Book Finder International   |g 1227.00  |l 0  |o 004.36 TAN  |p 3010045008  |r 2025-11-04  |t 3  |v 2454.00  |w 2025-11-04  |y BK  |x Requisitioned by Annajiat Alim Rasel (Senior Lecturer, Department of Computer Science and Engineering, BRAC University) for the course named- 'Distributed Computing Systems (CSE 707)' 
952 |0 0  |1 0  |2 ddc  |4 0  |6 004_360000000000000_TAN  |7 0  |9 78423  |a BRACUL  |b BRACUL  |c GEN  |d 2025-11-04  |e Book Finder International   |g 1227.00  |l 0  |o 004.36 TAN  |p 3010045007  |r 2025-11-04  |t 2  |v 2454.00  |w 2025-11-04  |y BK  |x Requisitioned by Annajiat Alim Rasel (Senior Lecturer, Department of Computer Science and Engineering, BRAC University) for the course named- 'Distributed Computing Systems (CSE 707)' 
952 |0 0  |1 0  |2 ddc  |4 0  |6 004_360000000000000_TAN  |7 0  |9 78424  |a BRACUL  |b BRACUL  |c NEW  |d 2025-11-04  |e Book Finder International   |g 1227.00  |l 0  |o 004.36 TAN  |p 3010045006  |r 2025-11-04  |t 1  |v 2454.00  |w 2025-11-04  |y BK  |x Requisitioned by Annajiat Alim Rasel (Senior Lecturer, Department of Computer Science and Engineering, BRAC University) for the course named- 'Distributed Computing Systems (CSE 707)'